Statistics for Germany Euro 2012 Squad

Click here to take the quiz!

General Stats

  • This quiz has been taken 1,635 times
  • The average score is 17 of 23

Answer Stats

ClubPositionAnswer% Correct
Bayern MunichGKManuel Neuer
97%
LazioSTMiroslav Klose
94%
Bayern MunichDFPhilipp Lahm
92%
Real MadridMDMesut Ozil
91%
Bayern MunichSTMario Gomez
88%
Real MadridMDSami Khedira
87%
Borussia DortmundDFMats Hummels
87%
FC KolnSTLukas Podolski
86%
Bayern MunichDFJerome Boateng
83%
Bayern MunichMDBastian Schweinsteiger
82%
Bayern MunichSTThomas Muller
82%
ArsenalDFPer Mertesacker
80%
Borussia MonchengladbachMDMarco Reus
80%
Borussia DortmundMDMario Gotze
79%
Bayern MunichMDToni Kroos
74%
Bayer LeverkusenMDLars Bender
60%
Bayern MunichDFHolger Badstuber
59%
SchalkeDFBenedikt Howedes
58%
Borussia DortmundDFMarcel Schmelzer
53%
Werder BremenGKTim Wiese
52%
Borussia DortmundMDIlkay Gundogan
51%
HannoverGKRon-Robert Zieler
42%
Bayer LeverkusenMDAndre Schurrle
37%

Score Distribution

Percentile by Number Answered

Percent of People with Each Score

Your Score History

You have not taken this quiz